|
|
|
|
| LEADER |
01357ppm a22003498a 4500 |
| 001 |
00031785 |
| 005 |
20171026081025.0 |
| 008 |
140217s2012 ||||||viesd |
| 041 |
0 |
# |
|a vie
|
| 082 |
1 |
4 |
|b NH500C
|a 155.6
|
| 100 |
0 |
# |
|a Trần, Chí Nhân
|
| 245 |
1 |
0 |
|a Nhu cầu tư vấn tâm lý của sinh viên năm nhất Trường Đại học Đồng Tháp
|b Khóa luận tốt nghiệp : Ngành Công tác xã hội: Trình độ : Đại học
|c Trần Chí Nhân, Nguyễn Thị Kim Ngân; Vũ Thị Phương (hướng dẫn)
|
| 260 |
# |
# |
|a Đồng Tháp
|b Trường Đại học Đồng Tháp
|c 2012
|
| 300 |
# |
# |
|a 74 tr. +phụ lục
|c 30 cm.
|e 1 bản tóm tắt
|
| 500 |
# |
# |
|a ĐTTTS ghi: Bộ Giáo dục và Đào tạo. Trường Đại học Đồng Tháp
|
| 653 |
# |
# |
|a Nhu cầu
|
| 653 |
# |
# |
|a Sinh viên
|
| 653 |
# |
# |
|a Đại học Đồng Tháp
|
| 653 |
# |
# |
|a Tư vấn
|
| 653 |
# |
# |
|a Tâm lý
|
| 700 |
1 |
# |
|a Nguyễn, Thị Kim Ngân
|
| 700 |
1 |
# |
|a Vũ, Thị Phương
|e hướng dẫn
|
| 852 |
# |
# |
|j KD.0015370
|
| 852 |
# |
# |
|b Kho đọc
|j KD.0015370
|
| 910 |
0 |
# |
|d 26/02/2014
|
| 980 |
# |
# |
|a Trung tâm Học liệu Lê Vũ Hùng, Trường Đại học Đồng Tháp
|